| 000 | 00511nam a22002057a 4500 | ||
|---|---|---|---|
| 003 | OSt | ||
| 005 | 20160624144739.0 | ||
| 008 | 140703b xxu||||| |||| 00| 0 eng d | ||
| 020 | _a0340760699 | ||
| 040 | _cDNLM | ||
| 082 | _aQU145 W38n 2002 | ||
| 100 |
_aWebb Geoffrey P. _9320 |
||
| 245 |
_aNutrition: _bA health Promotion Approach. |
||
| 250 | _a2nd ed. | ||
| 260 |
_aUK: _bArnold _c2002 |
||
| 300 |
_ax,470p.; _bI;ll _c25cm |
||
| 504 | _aIndex included | ||
| 650 |
_aNutrition _9321 |
||
| 942 |
_2z _cO_SHELF |
||
| 999 |
_c4458 _d4458 |
||